00531nam a22001577a 450000500170000001000230001702000260004003500140006603700090008008200080008910000200009724500910011726000320020827001130024030000200035320241220165838.0 aDEC24UP ENG-143142 c265.00a9789389664669 aEN-126674 bDBAD a000 aEditorial Board aJammu & Kashmir Service Selection BoardbJunior Assistant Group C/cby Editorial Board aAgrabUpkar Prakashanc2024 bAgraa1 State Bank Colony, Near Khandari, Agra-Mathura Bypass Road,e282005k2530966k2531101mcare@upkar.in avpp.c26cm(pbk)